Tell me the name of your country, without telling me - Statistics

General Stats
  • This quiz has been taken 300 times
  • The average score is 11 of 17
Answer Stats
Hint Answer % Correct
(Do not say pizza, do not say pizza) ... PASTA Italy
100%
I would literally die without my cheese, my wine and my baguette France
97%
Maple syrup Canada
86%
We were an empire that excelled in sailing and 'discoverd' many parts of the world, but nobody knows about that. All we have now are sunny beaches, low wages and Ronaldo Portugal
73%
No speed limit on the freeway and bratwurst Germany
69%
People normally say we speak Spanish Brazil
65%
I prefer to stay neutral concerning this question Switzerland
63%
Orange, tulips, prime minister on bike, under sea level Netherlands
62%
World's only non-quadrilateral flag Nepal
59%
Fries, cycling, chocolate and beer Belgium
58%
ǝɹǝɥ Australia
57%
Lego Denmark
55%
My country doesn't show up on the map most of the time and we love Rugby New Zealand
55%
We think we are better than everyone because we discovered democracy and haven't done much since Greece
49%
Chewing gum is illegal Singapore
44%
Llamaland Peru
42%
Mamma Mia Sweden
35%
No matching quizzes found
Score Distribution
Percent of People with Each Score
Percentile by Number Answered
Your Score History
You have not taken this quiz